000 00851nam0a22002411 4500
001 rc\698490
005 20031121170431.5
035 _a(NLR Aleph) 005934600
090 _a6614536
_c6614536
100 _a20031121d1985 u |0rusy50 ca
101 0 _arus
102 _aRU
105 _aa |||||||||
200 1 _aПутешествия Гулливера
_eРоман
_fДжонатан Свифт
_gПересказала с англ. для детей Т. Габбе
_g[Послесл. Л. Литвиновой
_gИл. Ж. Гранвиля]
210 _aМ.
_cМузыка
_d1985
215 _a104 с.
_cил.
_d23
700 1 _aСвифт
_bД.
_gДжонатан
702 1 _aГаббе
_bТ. Г.
_gТамара Григорьевна
_4570
801 0 _aRU
_bNLR
_gpsbo
801 1 _aRU
_bELAR
_2rusmarc
852 _aNLR
_j85-7/781
942 _cBOOK
980 _aNB